000 00742nam a2200253Ia 4500
003 OSt
005 20220926013029.0
006 a|||||r|||| 00| 0
007 ta
008 220923b |||||||| |||| 00| 0 eng d
037 _cGeneral Book
040 _aRTL
_cRTL
_beng
041 _2eng
_aeng
082 _aX:8F, K1;L0
100 _aLewis Ralph F
_9317734
245 0 _aPlanning and control for profit
_b Management uses o
250 _aRev. Edn.
260 _aNew York
_bHarper & Row USA
_c1970
300 _ax, 230p. Bib p 219-21
_ccm.
500 _aPreviously published as management uses of accounting
650 _aBudgeting
942 _hX:8F, K1;L0
_cGB
_2CC
999 _c624998
_d624998